000 00332nam a22001337a 4500
020 _a9789327221688
082 _a631.1
_bSAN/FU
100 _aSanjay Kumar
245 _aFundamentals of agricultural engineering
260 _aLudhiana
_bKalyani publishers
_c2012
700 _aVishal Kumar
700 _aSahu, Ram Kumar
942 _cBK
999 _c13942
_d13942